| 000 | 00863nam a2200205 i 4500 | ||
|---|---|---|---|
| 001 | 152667 | ||
| 003 | ES-MaACL | ||
| 005 | 20240510213343.0 | ||
| 008 | 931025s1864 sp |||| | spa d | ||
| 080 | _a336.1(460)"18" | ||
| 100 | 1 |
_aBravo Murillo, Juan, _d1803-1873 _931496 |
|
| 245 | 1 | 0 |
_aDe las deudas amortizables y de los certificados de cupones / _cpor Juan Bravo Murillo. |
| 260 |
_aMadrid : _b[s.n.], _c1864 ( _fImp. del Colegio de Sordo-Mudos y de Ciegos) |
||
| 300 |
_a190 p. ; _c23 cm. |
||
| 530 | _aDisponible en formato digital. | ||
| 650 | 0 |
_aHacienda pública- _zEspaña- _yS.XIX _9227084 |
|
| 852 |
_aES-MaACL _jT-83-F-11 _z- Enc. hol., falto de la enc. original _z- Enc. en un vol. facticio |
||
| 856 | 4 |
_uhttps://repositorio.bde.es/handle/123456789/4282 _zRepositorio Institucional del Banco de España |
|
| 999 |
_c152667 _d152667 |
||